| Record ID | marc_loc_2016/BooksAll.2016.part18.utf8:172449578:830 |
| Source | Library of Congress |
| Download Link | /show-records/marc_loc_2016/BooksAll.2016.part18.utf8:172449578:830?format=raw |
LEADER: 00830cam a2200253 a 4500
001 88029646
003 DLC
005 20141001074809.0
008 881212s1989 cau b 001 1 eng
010 $a 88029646
020 $a0898152887 :$c$11.95
020 $a0898152879 (pbk.) :$c$7.95
040 $aDLC$cDLC$dDLC
050 00 $aPS3553.A424$bP84 1989
082 00 $a813/.54$219
100 1 $aCallenbach, Ernest.
245 10 $aPublisher's lunch :$ba dialogue concerning the secrets of how publishers think & what authors can do about it /$cErnest Callenbach.
260 $aBerkeley, Calif. :$bTen Speed Press,$cc1989.
300 $a141 p. ;$c23 cm.
504 $aBibliography: p. 137-138.
500 $aIncludes index.
650 0 $aImaginary conversations.
650 0 $aAuthors and publishers.
650 0 $aPublishers and publishing.